Politika zaměstnanosti v Japonsku.

Situácia na trhu práce. Verejné služby zamestnanosti. Tvorba a použitie fondu zamestnanosti. Praktické problémy zamestnanosti a zamestnávania. Príprava na povolanie a japonská sieť vzdelávacích a rekvalifikačných zariadení.

Saved in:
Bibliographic Details
Main Author: Beneš, S.
Format: Book Chapter
Language:Czech
Subjects:
Tags: Add Tag
No Tags, Be the first to tag this record!

MARC

LEADER 00000naa a2200000 4500
001 r013270
005 20221213083116.4
041 0 |a cze 
044 |a CZ 
245 1 0 |a Politika zaměstnanosti v Japonsku.  |c S. Beneš 
520 |a Situácia na trhu práce. Verejné služby zamestnanosti. Tvorba a použitie fondu zamestnanosti. Praktické problémy zamestnanosti a zamestnávania. Príprava na povolanie a japonská sieť vzdelávacích a rekvalifikačných zariadení. 
610 2 0 |a zamestnanosť 
610 2 0 |a Japonsko 
610 2 0 |a trh práce 
610 2 0 |a služby 
610 2 0 |a príprava na povolanie 
610 2 0 |a vzdelanie odborné 
610 2 0 |a rekvalifikácia 
100 1 |a Beneš, S.